Gaming Quiz

Random Gaming or Quick Pick Quiz
Score 0/27 Timer 01:00
0 Plays Today
% Correct
HIT
87.3%
HIT
86.7%
HIT
86%
HIT
85.1%
HIT
81.9%
HIT
80%
HIT
78.7%
HIT
66.3%
HIT
65.7%
0%
0%
0%
0%
0%
% Correct
0%
0%
0%
0%
0%
0%
0%
0%
0%
0%
-
0%
-
0%
-
0%
Come Together.
Have Fun.
All Virtual.
We all need to come together. Play Sporcle's virtual live trivia to have fun, connect with people, and get your trivia on. Join a live hosted trivia game for your favorite pub trivia experience done virtually. If a virtual private party is more your thing, go here for details.

You're not logged in!

Compare scores with friends on all Sporcle quizzes.
OR
Log In

Sporcle TV

Today on Sporcle TV


Watch our educational content, quiz creation guides, and fun videos on Sporcle TV.

Show Comments

Extras

Top Quizzes Today


Score Distribution

Paid Content

Your Account Isn't Verified!

In order to create a playlist on Sporcle, you need to verify the email address you used during registration. Go to your Sporcle Settings to finish the process.

Report this User

Report this user for behavior that violates our Community Guidelines.

Details: